000 00387nam a22001577a 4500
003 MPLRDC
005 20220104143011.0
008 210129b ||||| |||| 00| 0 eng d
082 _a427.1 FW v.9
100 _a颜禧全副主编
245 _a风味饮食月刊. 第九期
_c
260 _a
_b曦地出版有限公司
_c1997
300 _b
650 _a
942 _cBK
_o427.1 FW v.9
999 _c35660
_d35650